<?xml version="1.0" encoding="UTF-8"?>
<marc:record xmlns:marc="http://www.loc.gov/MARC21/slim">
   <marc:leader>00000nam a2200000 a 4500</marc:leader>
   <marc:datafield ind1="1" ind2=" " tag="100">
      <marc:subfield code="a">Richert, Katja</marc:subfield>
      <marc:subfield code="4">aut</marc:subfield>
      <marc:subfield code="e">Verfasser/-in</marc:subfield>
   </marc:datafield>
   <marc:datafield ind1="1" ind2=" " tag="100">
      <marc:subfield code="a">Hochmann, Carmen</marc:subfield>
      <marc:subfield code="4">aut</marc:subfield>
      <marc:subfield code="e">Verfasser/-in</marc:subfield>
   </marc:datafield>
   <marc:datafield ind1="0" ind2="0" tag="245">
      <marc:subfield code="a">Zwei Freundinnen und ein freches Pony</marc:subfield>
   </marc:datafield>
   <marc:datafield ind1="0" ind2="0" tag="245">
      <marc:subfield code="b">Leselöwen</marc:subfield>
   </marc:datafield>
   <marc:datafield ind1="0" ind2="0" tag="245">
      <marc:subfield code="c">Richert, Katja</marc:subfield>
   </marc:datafield>
   <marc:datafield ind1=" " ind2="1" tag="264">
      <marc:subfield code="a">Bindlach</marc:subfield>
      <marc:subfield code="b">Loewe</marc:subfield>
      <marc:subfield code="c">2018</marc:subfield>
   </marc:datafield>
   <marc:datafield ind1="1" ind2=" " tag="490">
      <marc:subfield code="a">Zwei Freundinnen</marc:subfield>
   </marc:datafield>
   <marc:datafield ind1=" " ind2=" " tag="250">
      <marc:subfield code="a">2. Auflage</marc:subfield>
   </marc:datafield>
   <marc:datafield ind1="1" ind2=" " tag="520">
      <marc:subfield code="a">Lotte und Nele lieben das freche Pony Fred, doch Bauer Eberhard ist sauer, weil das Pony seine Äpfel klaut. Die zwei Freundinnen versuchen alles, um Fred von dem Baum fernzuhalten. Aber wie erklärt man einem verfressenen Pony, dass es die leckeren Äpfel nicht futtern darf?&#xD;
&#xD;
Lesenlernen ganz einfach - mit den Erstlesebüchern der Reihe Leselöwen für die 1. Klasse&#xD;
Die Kinderbuch-Bestseller unterstützen mit vielen Features das Textverständnis von Kindern ab 6 Jahren:&#xD;
- kurze Sätze&#xD;
- gut lesbare große Fibelschrift&#xD;
- zahlreiche bunte Bilder&#xD;
&#xD;
Zusammen mit den Eltern oder alleine – für Spaß am Lesen sorgen zudem:&#xD;
- kindgerechte Themen für Mädchen und Jungen&#xD;
- lustige Rätsel und Sticker&#xD;
- Quizfragen auf antolin.de</marc:subfield>
   </marc:datafield>
   <marc:datafield ind1=" " ind2=" " tag="020">
      <marc:subfield code="a">9783785587041</marc:subfield>
      <marc:subfield code="9">9783785587041</marc:subfield>
   </marc:datafield>
   <marc:datafield ind1=" " ind2=" " tag="020">
      <marc:subfield code="a">378558704x</marc:subfield>
      <marc:subfield code="9">378558704x</marc:subfield>
   </marc:datafield>
   <marc:datafield ind1=" " ind2=" " tag="041">
      <marc:subfield code="a">ger</marc:subfield>
   </marc:datafield>
   <marc:datafield ind1=" " ind2=" " tag="338">
      <marc:subfield code="a">Band</marc:subfield>
   </marc:datafield>
</marc:record>
